| 000 | 00000nam 2200000za 4500 |
| 001 | 9.843425 |
| 003 | CaOODSP |
| 005 | 20221107152523 |
| 007 | cr ||||||||||| |
| 008 | 170912s2017 onc o f000 0 eng d |
| 040 | |aCaOODSP|beng |
| 043 | |an-cn--- |
| 086 | 1 |aD97-1/2-2017E-PDF |
| 245 | 00|aGC security zones and dongle effectiveness |h[electronic resource]. |
| 260 | |a[Ottawa] : |bCommunications Security Establishment, |c2017. |
| 300 | |a[2] p. |
| 490 | 1 |aAwareness series ; |vITSAP.00.002 |
| 500 | |aIssued also in French under title: Efficacité des fiches bloque-son et zones de sécurité du GC. |
| 500 | |aCaption title. |
| 500 | |a"Unclassified." |
| 500 | |a"April 2017." |
| 500 | |aIssued also in HTML format. |
| 692 | 07|2gccst|aFederal government |
| 692 | 07|2gccst|aComputer security |
| 710 | 2 |aCommunications Security Establishment (Canada) |
| 775 | 08|tEfficacité des fiches bloque-son et zones de sécurité du GC |w(CaOODSP)9.843427 |
| 830 | #0|aAwareness series (Communications Security Establishment (Canada))|vITSAP.00.002.|w(CaOODSP)9.842810 |
| 856 | 40|qPDF|s838 KB|uhttps://publications.gc.ca/collections/collection_2017/cstc-csec/D97-1-2-2017-eng.pdf |
| 856 | 4 |qHTML|sN/A|uhttps://cyber.gc.ca/en/guidance/gc-security-zones-and-dongle-effectiveness-itsap00002 |